| 000 | 00528nam a2200169 i 4500 | ||
|---|---|---|---|
| 001 | 93817 | ||
| 003 | ES-MaACL | ||
| 005 | 20240427063117.0 | ||
| 007 | t| | ||
| 008 | 050420s1937 sp ||||1| spa d | ||
| 100 | 1 |
_aPantorba, Bernardino de, _d1896-1990 _988829 |
|
| 245 | 1 | 0 |
_aEduardo Rosales _b: ensayo biográfico y crítico / _cBernardino de Pantorba. |
| 260 |
_aMadrid : _b[s.n.], _c1937 ( _fChulilla y Angel) |
||
| 300 |
_a93 p., 8 lám. ; _c25 cm. |
||
| 852 |
_aES-MaACL _j1823-F-2 |
||
| 999 |
_c93817 _d93817 |
||